Score 0/14 Timer 04:00
0 Plays Today
Scramble Word/Name % Correct
PRSUYSyruP
77.9%
GHITTTighT
77.2%
DELLWDwelL
76.9%
AHKSWHawkS
71.3%
HIOPPHippO
63.1%
FISTWSwifT
56.9%
AAMMNAmmaN
54.4%
Scramble Word/Name % Correct
AIIQRIraqI
48.7%
INOPZPonzI
47.6%
ACERWCareW
27.7%
EIMOTTomeI
25.7%
CINSUIncuS
21.2%
Message Part 2is split in two
14%
Message Part 1This dispatch
13.7%
Remove Ads.
Support Sporcle.
Get the best of Sporcle when you Go Orange. This ad-free experience offers more features, more stats, and more fun while also helping to support Sporcle. Thank you for becoming a member.

You're not logged in!

Compare scores with friends on all Sporcle quizzes.
OR
Log In

Show Comments

Extras

Top Quizzes Today


Score Distribution

Your Account Isn't Verified!

In order to create a playlist on Sporcle, you need to verify the email address you used during registration. Go to your Sporcle Settings to finish the process.

Report this User

Report this user for behavior that violates our Community Guidelines.

Details: